| 000 | 01462nam a2200385 i 4500 | ||
|---|---|---|---|
| 001 | 193700 | ||
| 003 | ES-MaACL | ||
| 005 | 20240208063126.0 | ||
| 007 | ta | ||
| 008 | 240206s1910||||fr a freb 000 0 fre d | ||
| 035 | _a(OCoLC)14784689 | ||
| 035 | _aocm14784689 | ||
| 035 | _aCG019802170901P | ||
| 035 | _a019985517 | ||
| 040 |
_aABES _bfre _eAFNOR _cES-MaACL |
||
| 100 | 1 |
_aBreton, Jules-Louis, _d1872-1940 _9235057 |
|
| 245 | 1 | 0 |
_aElectricité médicale / _cpar J. L. Breton et Dr. Jacques Vaillant. |
| 264 | 1 |
_aParis : _bLibrairie des Sciences et de l'Industrie : _bL. Geisler, imprimeur-éditeur, _c1910. |
|
| 300 |
_a159 páginas ; _bilustraciones ; _c25 cm. |
||
| 336 |
_btxt _2rdacontent _atexto |
||
| 337 |
_bn _2rdamedia _asin mediación |
||
| 337 |
_bn _2isbdmedia _asin mediación |
||
| 338 |
_bnga _2RDAfrCarrier _avolumen |
||
| 490 | 1 |
_aEncyclopédie électrotechnique ; _v[Fasc.] 51 |
|
| 504 | _aNotes bibliogr. en bas de page. | ||
| 561 |
_5912722101:605879699 _aTampon de la Société Française des Electriciens , don de Mr Robard |
||
| 650 | 7 |
_aElectricidad _xEn Medicina _9235058 |
|
| 650 | 4 |
_aElectroterapia _912170 |
|
| 700 | 1 |
_aVaillant, Jacques, _d18..-.... _9235059 |
|
| 830 |
_aEncyclopédie électrotechnique ; _v51 _9235039 |
||
| 852 |
_aES-MaACL _bR.M.8258 _jD-8712 _cSVI _9201227 |
||
| 942 |
_n0 _cMONOGRAFIA |
||
| 999 |
_c193700 _d193700 |
||